000 00505nam a2200181 a 4500
001 1759293240068
003 YourLibrary
005 20251001111358.0
008 251001s1973##################000#0#eng##
020 _a9789027925237
082 0 4 _a162
_bROV
100 1 _aRoberts, Don D.,
_eauthor.
245 1 0 _aThe Existential Graphs of Charles S. Peirce :
260 _bDe Gruyter Mouton,
_c1973.
650 0 _aLanguage Arts & Disciplines.
942 _cENGLISH
040 _aYourLibrary
_beng
_cYourLibrary
999 _c590328
_d590328